00457pab a2200145 454500008004000000100001700040245011300057260000900170300001300179362000800192650003900200650003800239650001600277773001800293180718b2005 xxu||||| |||| 00| 0 eng d aDeb, Sibnath aChild abuse and neglect in a metropolitan city: a qualitative study of migrant child labour in South Kolkata c2005 ap.56-67. aSep aChild labour - India - West Bengal aChild abuse - India - West Bengal aChild abuse aSocial Change